000
00266nam a2200097Ia 4500
005
20251222114342.0
008
251222s1900||||xx |||||||||||||| ||spa||
082
_a
DVD0193/U61/2004
245
0
_a
Charla: algunos desafíos bioéticos de la medicina del futuro:
942
_c
DVD
999
_c
911
_d
911